000 00765nam a2200265 4500
003 OSt
005 20260601193907.0
008 260520b2010 mx a|||| |||| 00| 0 spa d
020 _a9786077859048
040 _aICI
_bspa
_cICI
050 4 _aNB259.S43
_bA4 2010
100 _eautor
245 0 _aSebastian :
_b la plata & el arte
246 0 _aLa plata & arte
246 0 _aLa plata y arte
264 1 _aMéxico, D.F. :
_bAeditores,
_c2010
300 _a200 páginas :
_bilustraciones
336 _2rdacontent
_atexto
337 _2rdamedia
_asin medio
338 _2rdacarrier
_avolumen
600 4 _aSebastian,
_d1947-
_xTemas, motivos
_934608
650 _aPlatería
_xHistoria
_zMéxico
_934609
650 _aArte popular
_zMéxico
_9882
942 _2lcc
_n0
_cB
999 _c22429
_d22429